Sports Quiz

Random Sports or Baseball Quiz

Silver Sluggers (Outfield) Quiz Stats

 Plays Quiz Updated Nov 13, 2019

Score 0/240 Timer 15:00
0 Plays Today
Year Player % Correct
2019Mike Trout
91.7%
2018Mike Trout
89.7%
1990Barry Bonds
88%
1991Barry Bonds
88%
1992Barry Bonds
88%
1993Barry Bonds
88%
1994Barry Bonds
88%
1996Barry Bonds
88%
1997Barry Bonds
88%
2000Barry Bonds
88%
2001Barry Bonds
88%
2002Barry Bonds
88%
2003Barry Bonds
88%
2004Barry Bonds
88%
2014Giancarlo Stanton
87.3%
2017Giancarlo Stanton
87.3%
2012Mike Trout
86.6%
2013Mike Trout
86.6%
2016Mike Trout
86.6%
2014Mike Trout
86.6%
2015Mike Trout
86.6%
2010Carlos González
86.1%
2015Carlos González
86.1%
1992Juan González
86%
1993Juan González
86%
1996Juan González
86%
1997Juan González
86%
1998Juan González
86%
2001Juan González
86%
2001Luis Gonzalez
86%
2013Adam Jones
85%
2005Andruw Jones
84.9%
2019Mookie Betts
84.2%
2019Christian Yelich
83.9%
1991Ken Griffey, Jr.
83.6%
1993Ken Griffey, Jr.
83.6%
1994Ken Griffey, Jr.
83.6%
1996Ken Griffey, Jr.
83.6%
1997Ken Griffey, Jr.
83.6%
1998Ken Griffey, Jr.
83.6%
1999Ken Griffey, Jr.
83.6%
2015Bryce Harper
81%
2018Mookie Betts
80.5%
2008Ryan Braun
80.1%
2009Ryan Braun
80.1%
2010Ryan Braun
80.1%
2011Ryan Braun
80.1%
2012Ryan Braun
80%
1995Manny Ramirez
80%
1999Manny Ramirez
80%
2001Manny Ramirez
80%
2003Manny Ramirez
80%
2004Manny Ramirez
80%
2005Manny Ramirez
80%
2006Manny Ramirez
80%
2000Manny Ramirez
79.5%
2012Andrew McCutchen
79.5%
2013Andrew McCutchen
79.5%
2014Andrew McCutchen
79.5%
2015Andrew McCutchen
79.5%
1995Sammy Sosa
78.3%
1998Sammy Sosa
78.3%
1999Sammy Sosa
78.3%
2000Sammy Sosa
78.3%
2001Sammy Sosa
78.3%
2002Sammy Sosa
78.3%
2019Cody Bellinger
77.8%
2004Vladimir Guerrero
77.5%
2005Vladimir Guerrero
77.5%
2006Vladimir Guerrero
77.5%
2007Vladimir Guerrero
77.5%
1999Vladimir Guerrero
77.5%
2000Vladimir Guerrero
77.5%
2002Vladimir Guerrero
77.5%
1982Pedro Guerrero
77.3%
2018Christian Yelich
76.8%
2017Aaron Judge
74.8%
1992Larry Walker
73.5%
1997Larry Walker
73.5%
1999Larry Walker
73.5%
Year Player % Correct
1984Tony Gwynn
73.4%
1986Tony Gwynn
73.4%
1987Tony Gwynn
73.4%
1989Tony Gwynn
73.4%
1994Tony Gwynn
73.4%
1995Tony Gwynn
73.4%
1997Tony Gwynn
73.4%
2018J.D. Martinez
72.9%
2019George Springer
71.7%
2010José Bautista
71.4%
2011José Bautista
71.4%
2014José Bautista
71.3%
1986Kirby Puckett
70.5%
1987Kirby Puckett
70.5%
1988Kirby Puckett
70.5%
1989Kirby Puckett
70.5%
1992Kirby Puckett
70.5%
1994Kirby Puckett
70.5%
1985George Bell
69.1%
1986George Bell
69.1%
1987George Bell
69.1%
2002Bernie Williams
68.7%
2001Ichiro Suzuki
67.8%
2007Ichiro Suzuki
67.8%
2009Ichiro Suzuki
67.8%
1988José Canseco
67.7%
1990José Canseco
67.7%
1991José Canseco
67.7%
2008Josh Hamilton
66.5%
2010Josh Hamilton
66.5%
2019Ronald Acuña Jr.
66.5%
2012Josh Hamilton
66.4%
1993Albert Belle
66.4%
1994Albert Belle
66.4%
1995Albert Belle
66.4%
1996Albert Belle
66.4%
1998Albert Belle
66.4%
1982Reggie Jackson
65.2%
2009Matt Kemp
64.8%
2011Matt Kemp
64.8%
1980Andre Dawson
64.3%
1981Andre Dawson
64.3%
1983Andre Dawson
64.3%
1987Andre Dawson
64.3%
2016Mookie Betts
64.2%
1991Joe Carter
63.3%
1992Joe Carter
63.3%
1987Eric Davis
63.2%
1989Eric Davis
63.2%
2015J.D. Martinez
62.3%
2006Carlos Beltrán
61.7%
2007Carlos Beltrán
61.7%
1981Rickey Henderson
61.5%
1985Rickey Henderson
61.5%
1990Rickey Henderson
61.5%
2004Jim Edmonds
61.4%
2015Nelson Cruz
61.1%
2017George Springer
61%
2016Charlie Blackmon
60.9%
2017Charlie Blackmon
60.9%
1983José Cruz
60.8%
1984José Cruz
60.8%
2002Garret Anderson
60%
2003Garret Anderson
60%
1983Jim Rice
59.8%
1984Jim Rice
59.8%
2004Gary Sheffield
59.2%
2005Gary Sheffield
59.2%
1996Gary Sheffield
59.2%
2003Gary Sheffield
59.2%
2016Christian Yelich
57.9%
1982Dale Murphy
56.8%
1983Dale Murphy
56.8%
1984Dale Murphy
56.8%
1985Dale Murphy
56.8%
2006Matt Holliday
56.8%
2007Matt Holliday
56.8%
2008Matt Holliday
56.8%
2010Matt Holliday
56.8%
1988Darryl Strawberry
56.4%
Year Player % Correct
1990Darryl Strawberry
56.4%
2011Justin Upton
55.1%
1989Robin Yount
55%
2017Justin Upton
55%
2014Justin Upton
55%
2017Marcell Ozuna
54.8%
1981Dave Winfield
54.8%
1982Dave Winfield
54.8%
1983Dave Winfield
54.8%
1984Dave Winfield
54.8%
1985Dave Winfield
54.8%
1999Shawn Green
53.5%
2018Nick Markakis
52.9%
2012Jay Bruce
52.1%
2013Jay Bruce
52.1%
2016Yoenis Cespedes
51.7%
2000Magglio Ordóñez
51.2%
2002Magglio Ordóñez
51.1%
2007Magglio Ordóñez
51.1%
1995Dante Bichette
51%
1995Tim Salmon
49.4%
1997David Justice
49.3%
1993David Justice
49.3%
1990Bobby Bonilla
48.9%
1991Bobby Bonilla
48.9%
2011Curtis Granderson
48.7%
1981Dwight Evans
48.2%
1987Dwight Evans
48.2%
2009Torii Hunter
48.2%
2013Torii Hunter
48.1%
2005Miguel Cabrera
48%
2003Albert Pujols
47.9%
2006Jermaine Dye
46.9%
2011Jacoby Ellsbury
46.7%
1980Willie Wilson
46%
1982Willie Wilson
46%
1988Kirk Gibson
45.2%
1989Kevin Mitchell
44.7%
1986Tim Raines
44.5%
2016Mark Trumbo
44.1%
2010Carl Crawford
44%
2006Alfonso Soriano
43.2%
2009Andre Ethier
43.1%
1994Moisés Alou
42.9%
1998Moisés Alou
42.9%
2005Carlos Lee
42.4%
2007Carlos Lee
42.4%
1988Andy Van Slyke
41.3%
1992Andy Van Slyke
41.2%
2004Bobby Abreu
41%
2009Jason Bay
40%
1985Willie Mcgee
39.9%
1993Lenny Dykstra
39%
1990Ellis Burks
38.5%
1996Ellis Burks
38.5%
1998Greg Vaughn
38.5%
2008Grady Sizemore
38.3%
2003Vernon Wells
37.8%
1986Jesse Barfield
37.7%
2000Darin Erstad
35.7%
1981George Foster
35.3%
1991Ron Gant
33.7%
2014Michael Brantley
33.6%
1988Mike Greenwell
32.7%
1985Dave Parker
32.6%
1986Dave Parker
32.6%
1984Tony Armas
30%
1989Rubén Sierra
27.6%
2018David Peralta
25.6%
1980Ben Oglivie
24.1%
1980Dusty Baker
22.3%
1981Dusty Baker
22.3%
1983Lloyd Moseby
20.6%
2013Michael Cuddyer
18.9%
2012Josh Willingham
16.8%
2008Carlos Quentin
15.9%
2008Ryan Ludwick
15.6%
1980George Hendrick
14.4%
1980Al Oliver
13.5%
1982Leon Durham
10.4%

You're not logged in!

Compare scores with friends on all Sporcle quizzes.
OR
Log In

Sporcle TV

Today on Sporcle TV


Watch our educational content, quiz creation guides, and fun videos on Sporcle TV.

Show Comments

Extras

Top Quizzes Today


Score Distribution

Your Account Isn't Verified!

In order to create a playlist on Sporcle, you need to verify the email address you used during registration. Go to your Sporcle Settings to finish the process.

Report this User

Report this user for behavior that violates our Community Guidelines.

Details: